| 000 | 00825nam a22002177a 4500 | ||
|---|---|---|---|
| 999 |
_c9728 _d9728 |
||
| 003 | AR-CdUCM | ||
| 008 | 190328b ||||| |||| 00| 0 spa d | ||
| 040 |
_aMUNICIPALIDAD PROVINCIAL DEL CUSCO _cBIBLIOTECA MUNICIPAL DEL CUSCO |
||
| 082 |
_a170.091 / _bG97 / 1943 |
||
| 100 |
_aGuyau, M. J. _926138 |
||
| 245 | _aLa moral de Epicuro y sus relaciones con las doctrinas contemporáneas / | ||
| 260 |
_aBuenos Aires : _bAmericalee, _c1943. |
||
| 300 |
_a305 páginas ; _c20 cm. |
||
| 505 | _aContenido: Los placeres de la carne -- Los placeres del alma -- Las virtudes privadas y publicas -- Los sucesores modernos de Epicuro. | ||
| 650 |
_aMoral y ética _926139 |
||
| 650 |
_aLibertad humana _926140 |
||
| 650 |
_aVirtudes humanas _926141 |
||
| 700 |
_aAlmanza, Hernandez A. _926142 |
||
| 942 |
_2ddc _cLIBROS |
||
| 945 | _aacv | ||